[Event "It (sheveningen) \"]
[Site "masterchessopen.com Tula (Russia)"]
[Date "2007.07.18"]
[Round "3"]
[White "Chubakov Oleg (RUS)"]
[Black "Gulinina Nadezhda (RUS)"]
[Result "1-0"]
[WhiteElo "2170"]
[BlackElo "1904"]

1.e4 e5 2.Nf3 Nc6 3.Bb5 a6 4.Ba4 Nf6 5.O-O d6 6.Re1 Be7 7.c3 O-O 8.h3 b5 9.Bb3
Na5 10.Bc2 c5 11.d4 Nc6 12.d5 Nb8 13.a4 b4 14.a5 bxc3 15.bxc3 Nbd7 16.Nbd2 Rb8
17.Nc4 Ne8 18.Bd2 Nc7 19.Qe2 f5 20.Reb1 Rxb1+ 21.Rxb1 fxe4 22.Bxe4 Nb5 23.Nb6
Nxb6 24.axb6 Qxb6 25.c4 Bd7 26.Be3 {#r} 1-0

[Event "It (open) \"]
[Site "masterchessopen.com Sukhumi (Georgia)"]
[Date "2007.08.03"]
[Round "1"]
[White "Feoktistov Alexey A (RUS)"]
[Black "Filimonov Alexey (RUS)"]
[Result "1-0"]
[WhiteElo "2426"]
[BlackElo "2236"]

1.e4 e5 2.Nf3 Nc6 3.Bb5 a6 4.Ba4 Nf6 5.O-O Be7 6.Re1 b5 7.Bb3 d6 8.c3 O-O 9.h3
Na5 10.Bc2 c5 11.d4 Nc6 12.a3 g6 13.Bh6 Re8 14.Nbd2 Nh5 15.Nb3 c4 16.Nc1 Bf8
17.Be3 Bg7 18.Ne2 exd4 19.cxd4 d5 20.e5 f5 21.Nc3 f4 22.Bc1 Bh6 23.g4 Ng7
24.Nxd5 Qxd5 25.Be4 Qd7 26.g5 Qxh3 27.gxh6 Nf5 28.Bxc6 Qg4+ 29.Kh1 {#r} 1-0

[Event "It (open)"]
[Site "masterchessopen.com Kavala (Greece)"]
[Date "2007.08.05"]
[Round "2"]
[White "Parligras Mircea (ROM)"]
[Black "Markidis Konstantinos (GRE)"]
[Result "1-0"]
[WhiteElo "2553"]
[BlackElo "2315"]

1.e4 e5 2.Nf3 Nc6 3.Bb5 a6 4.Ba4 Nf6 5.O-O Be7 6.Re1 b5 7.Bb3 d6 8.c3 O-O 9.h3
Na5 10.Bc2 c5 11.d4 Nc6 12.d5 Na5 13.b3 Ne8 14.Nbd2 g6 15.Nf1 f5 16.Bh6 Rf7
17.exf5 gxf5 18.Qd2 e4 19.Ng5 Rf6 20.Nxe4 fxe4 21.Ng3 Rf7 22.Rxe4 Nf6 23.Rxe7
Qxe7 24.Re1 Qxe1+ 25.Qxe1 Bd7 26.Qd2 Nb7 27.Qg5+ Kh8 28.Bg7+ Rxg7 29.Qxf6 {#r}
1-0

[Event "It (open)"]
[Site "masterchessopen.com Stare Mesto (Czech Republic)"]
[Date "2007.08.16"]
[Round "8"]
[White "Ponizil Cyril (CZE)"]
[Black "Macura Emil (CZE)"]
[Result "1-0"]
[WhiteElo "2295"]
[BlackElo "2059"]

1.e4 e5 2.Nf3 Nc6 3.Bb5 a6 4.Ba4 Nf6 5.O-O Be7 6.Re1 d6 7.c3 b5 8.Bb3 O-O 9.h3
Na5 10.Bc2 c5 11.d4 cxd4 12.cxd4 Qc7 13.Nc3 Bd7 14.Bg5 Rae8 15.Bxf6 Bxf6
16.Nd5 Qd8 17.a4 Nc6 18.Bd3 Nxd4 19.Nxd4 exd4 20.axb5 axb5 21.Ra6 Bc8 22.Ra8
Re5 23.Bxb5 Rxd5 24.exd5 Qb6 25.Qe2 g6 26.Bc6 h5 27.Qb5 Qc5 28.Qxc5 dxc5
29.Re8 Rxe8 30.Bxe8 Bf5 31.d6 d3 32.Bd7+ Kg7 33.Bxf5 {#r} 1-0

[Event "It (open) (b)"]
[Site "masterchessopen.com Polanica Zdroj (Poland)"]
[Date "2007.08.24"]
[Round "8"]
[White "Zysko Teresa (POL)"]
[Black "Dadello Krzysztof (POL)"]
[Result "0-1"]
[WhiteElo "1733"]
[BlackElo "1824"]

1.e4 e5 2.Nf3 Nc6 3.Bb5 a6 4.Ba4 Nf6 5.O-O Be7 6.Re1 b5 7.Bb3 O-O 8.c3 d6 9.h3
Na5 10.Bc2 c5 11.d4 cxd4 12.cxd4 Bb7 13.Nbd2 Rc8 14.dxe5 dxe5 15.Nxe5 Qc7
16.Nxf7 Qxc2 17.Ng5 Qxd1 18.Rxd1 Bc5 19.e5 Bxf2+ 20.Kxf2 Ne4+ 21.Kg1 Nxg5
22.b4 Nc6 23.Nb3 Ne4 24.Rd7 Rcd8 25.Rxb7 Rd1+ 26.Kh2 Rff1 27.Rxg7+ Kxg7
28.Bh6+ Kxh6 29.Rxd1 Rxd1 30.e6 Ng5 31.Nc5 Re1 32.Nxa6 Nxe6 {#R} 0-1

[Event "It (open)"]
[Site "masterchessopen.com Arnhem (Netherlands)"]
[Date "2007.09.02"]
[Round "5"]
[White "Michalczak Thomas (GER)"]
[Black "Cornelisse Johnny J A (NED)"]
[Result "1-0"]
[WhiteElo "2340"]
[BlackElo "2187"]

1.e4 e5 2.Nf3 Nc6 3.Bb5 a6 4.Ba4 Nf6 5.O-O Be7 6.Re1 b5 7.Bb3 d6 8.c3 O-O 9.h3
Na5 10.Bc2 c5 11.d4 Nd7 12.b3 Qc7 13.d5 Nb6 14.g4 h5 15.Nh2 Qd8 16.Qd2 Bd7
17.Kh1 hxg4 18.hxg4 g6 19.Qh6 Bf6 20.Nf3 Bg7 21.Qh3 f6 22.Kg2 Kf7 23.Qg3 Qc8
24.Nh2 Nb7 25.Be3 Rh8 26.Nd2 Bh6 27.f4 exf4 28.Bxf4 c4 29.b4 a5 30.g5 Bxg5
31.Bxg5 fxg5 32.Qf2+ {#r} 1-0

[Event "Ch Africa"]
[Site "masterchessopen.com Windhoek (Namibia)"]
[Date "2007.09.07"]
[Round "7"]
[White "Campos Rui Medil (ANG)"]
[Black "Mwali Chitumbo (ZAM)"]
[Result "0-1"]
[WhiteElo "2047"]
[BlackElo "2163"]

1.e4 e5 2.Nf3 Nc6 3.Bb5 a6 4.Ba4 Nf6 5.O-O b5 6.Bb3 Be7 7.Re1 d6 8.c3 O-O 9.h3
Na5 10.Bc2 c5 11.d4 Nc6 12.d5 Na5 13.Nbd2 Ne8 14.Nf1 g6 15.a4 Bd7 16.N3h2 Ng7
17.f4 f6 18.Ng3 exf4 19.Bxf4 Nc4 20.axb5 axb5 21.b3 Ne5 22.Qe2 Qc7 23.Rxa8
Rxa8 24.Bxe5 dxe5 25.Ng4 Ne8 26.Kh1 Ra2 27.Ne3 Nd6 28.Qd1 Qa5 29.Bb1 Rb2
30.Ne2 Bf8 31.Rf1 Bh6 32.Ng4 Bxg4 33.hxg4 Bg5 {#R} 0-1

[Event "It (open)"]
[Site "masterchessopen.com Cuiaba (Brazil)"]
[Date "2007.10.05"]
[Round "2"]
[White "Matsuura Everaldo (BRA)"]
[Black "Rothebart Ana Vitoria De Paula (BRA)"]
[Result "1-0"]
[WhiteElo "2511"]
[BlackElo "2074"]

1.e4 e5 2.Nf3 Nc6 3.Bb5 a6 4.Ba4 Nf6 5.O-O Be7 6.Re1 b5 7.Bb3 O-O 8.h3 d6 9.c3
Na5 10.Bc2 d5 11.exd5 e4 12.Bxe4 Nxe4 13.Rxe4 Bb7 14.d4 Bxd5 15.Re1 Bd6
16.Nbd2 Re8 17.Rxe8+ Qxe8 18.b3 Qc6 19.Bb2 Re8 20.Qf1 Bf4 21.Ne5 Qb7 22.Ndf3
f6 23.Nd3 Bd6 24.Re1 Rf8 25.Nd2 Qa8 26.Rc1 Bf7 27.c4 c6 28.Ne4 Bb8 29.Ndc5 Rd8
30.Qe1 Nb7 31.Nxf6+ gxf6 32.Qe7 {#r} 1-0

[Event "It (open)"]
[Site "masterchessopen.com Goch (Germany)"]
[Date "2007.10.05"]
[Round "3"]
[White "Van Der Valk Niklas (GER)"]
[Black "Staedele Thomas (GER)"]
[Result "1-0"]
[WhiteElo "2097"]
[BlackElo "2074"]

1.e4 e5 2.Nf3 Nc6 3.Bb5 a6 4.Ba4 Nf6 5.O-O b5 6.Bb3 Be7 7.Re1 d6 8.c3 O-O 9.h3
Na5 10.Bc2 c5 11.d4 Nc6 12.d5 Na5 13.Nbd2 Qb6 14.Nf1 b4 15.cxb4 Qxb4 16.N3h2
Nc4 17.Rb1 Rb8 18.Ne3 Nxe3 19.Rxe3 a5 20.Rb3 Nxe4 21.Rxb4 Rxb4 22.Be3 f5 23.a3
Rb8 24.Nf1 Nf6 25.Bb3 f4 26.Bd2 Bf5 27.Bc2 Nxd5 28.Bxf5 Rxf5 29.Qc2 {#r} 1-0

[Event "Ch City"]
[Site "masterchessopen.com Vitoria (Brazil)"]
[Date "2007.10.11"]
[Round "1"]
[White "Souza Filho Namyr C (BRA)"]
[Black "Alves Job F S"]
[Result "1-0"]
[WhiteElo "2109"]
[BlackElo "1918"]

1.e4 e5 2.Nf3 Nc6 3.Bb5 a6 4.Ba4 Nf6 5.O-O b5 6.Bb3 Be7 7.Re1 O-O 8.h3 d6 9.c3
Na5 10.Bc2 c5 11.d4 cxd4 12.cxd4 Nd7 13.Nc3 Re8 14.Nd5 Bf8 15.Bg5 f6 16.Bd2
Kh8 17.a4 bxa4 18.Bxa4 Nc4 19.Bc3 Bb7 20.Qb3 Bxd5 21.exd5 Ncb6 22.Ba5 Rb8
23.Qd3 Qc8 24.Bc6 exd4 25.Rxe8 Qxe8 26.Bxb6 Rxb6 27.Qf5 Rxc6 28.dxc6 Nc5 29.c7
Nd7 30.Rc1 Qc8 31.Qxd7 {#r} 1-0

[Event "It (cat.3)"]
[Site "masterchessopen.com Crikvenica (Croatia)"]
[Date "2007.10.17"]
[Round "5"]
[White "Levar Nenad (CRO)"]
[Black "Sciortino Massimo (ITA)"]
[Result "0-1"]
[WhiteElo "2181"]
[BlackElo "2222"]

1.e4 e5 2.Nf3 Nc6 3.Bb5 a6 4.Ba4 Nf6 5.O-O Be7 6.Re1 b5 7.Bb3 O-O 8.c3 d6 9.h3
Na5 10.Bc2 c5 11.d4 cxd4 12.cxd4 Bb7 13.b3 Nc6 14.Nbd2 exd4 15.a3 d5 16.Bb2
dxe4 17.Nxe4 Rc8 18.Rc1 Re8 19.Nxd4 Nxd4 20.Bxd4 Bxe4 21.Bxf6 Qxd1 22.Rexd1
Bxc2 23.Rxc2 Bxf6 {#R} 0-1

[Event "Ch Russia (students) (open)"]
[Site "masterchessopen.com Novokuznetsk (Russia)"]
[Date "2007.10.24"]
[Round "3"]
[White "Smirnov Pavel (RUS)"]
[Black "Filimonov Alexey (RUS)"]
[Result "0-1"]
[WhiteElo "2636"]
[BlackElo "2236"]

1.e4 e5 2.Nf3 Nc6 3.Bb5 a6 4.Ba4 Nf6 5.O-O Be7 6.Re1 b5 7.Bb3 d6 8.c3 O-O 9.h3
Na5 10.Bc2 c5 11.d4 Nc6 12.d5 Na5 13.b3 g6 14.Bh6 Re8 15.Nbd2 Nh5 16.Nf1 Bf8
17.Bg5 f6 18.Be3 Bd7 19.g4 Nf4 20.Kh2 Qc8 21.Ng3 Re7 22.Ng1 Bh6 23.Qf3 Bg5
24.Qd1 h6 25.Qd2 Bxg4 26.h4 Bf3 27.Nf5 gxf5 28.hxg5 fxe4 29.Bxf4 Qg4 30.Nxf3
exf3 {#R} 0-1

[Event "Ch Russia (students) (open)"]
[Site "masterchessopen.com Novokuznetsk (Russia)"]
[Date "2007.10.30"]
[Round "9"]
[White "Airapetian Gor (RUS)"]
[Black "Filimonov Alexey (RUS)"]
[Result "1-0"]
[WhiteElo "2323"]
[BlackElo "2236"]

1.e4 e5 2.Nf3 Nc6 3.Bb5 a6 4.Ba4 Nf6 5.O-O Be7 6.Re1 b5 7.Bb3 d6 8.c3 O-O 9.h3
Na5 10.Bc2 c5 11.d4 Nc6 12.d5 Na5 13.b3 g6 14.a4 Bd7 15.Bh6 Re8 16.Nbd2 Nh5
17.axb5 axb5 18.b4 Nb7 19.Be3 Qc7 20.Bd3 Nf4 21.Bf1 Bf8 22.Qb3 Bg7 23.Rec1 f5
24.c4 Rxa1 25.Rxa1 bxc4 26.Qxc4 Nh5 27.Ra7 Qb8 28.Qa6 Bc8 29.Ra8 Qc7 30.Qc6
Qd8 31.Ba6 {#r} 1-0

[Event "It (open)"]
[Site "masterchessopen.com Nantes (France)"]
[Round "4"]
[White "David Alberto (LUX)"]
[Black "Grego Pierre (FRA)"]
[Result "1-0"]
[WhiteElo "2536"]
[BlackElo "1934"]

1.e4 e5 2.Nf3 Nc6 3.Bb5 a6 4.Ba4 Nf6 5.O-O Be7 6.Re1 b5 7.Bb3 O-O 8.c3 d6 9.h3
Na5 10.Bc2 c5 11.d4 Nc6 12.d5 Nb8 13.a4 Bb7 14.Na3 Nbd7 15.Bd2 Qb6 16.b4 bxa4
17.Nc4 Qc7 18.Na5 Rab8 19.Bxa4 Rfc8 20.Qe2 Nb6 21.Nxb7 Nxa4 22.Na5 Nb6 23.Nc4
Ra8 24.bxc5 dxc5 25.Nfxe5 Bd6 26.Ng4 Nxg4 27.Qxg4 Nxc4 28.Qe2 Nxd2 29.Qxd2 f6
30.Qd3 Be5 31.Rxa6 Rxa6 32.Qxa6 {#r} 1-0

[Event "Ch Chess Club"]
[Site "masterchessopen.com Tula (Russia)"]
[Date "2007.12.11"]
[Round "2"]
[White "Rodionov Alexander (RUS)"]
[Black "Khanov Vjacheslav (RUS)"]
[Result "0-1"]
[WhiteElo "1791"]
[BlackElo "2168"]

1.e4 e5 2.Nf3 Nc6 3.Bb5 a6 4.Ba4 Nf6 5.O-O Be7 6.Re1 b5 7.Bb3 d6 8.c3 O-O 9.h3
Na5 10.Bc2 c5 11.d4 Nd7 12.Nbd2 cxd4 13.cxd4 Nc6 14.Nf1 Qc7 15.Bb1 Bb7 16.Ne3
Nxd4 17.Nxd4 exd4 18.Nf5 Bf6 19.Nxd4 Rac8 20.Nf5 Ne5 21.a4 Nc4 22.axb5 axb5
23.Qg4 Ne5 24.Qe2 Bc6 25.Ra3 Bd7 26.Qh5 Ng6 27.Ne3 Be5 28.Nd5 Qxc1 29.Re3 Qxb2
30.f4 Bd4 31.e5 Rc1 32.Ne7+ Kh8 33.Bxg6 Bxe3+ 34.Kf1 Qf2# 0-1

[Event "Memorial E.Bykova (open) (w)"]
[Site "masterchessopen.com Vladimir (Russia)"]
[Date "2007.12.22"]
[Round "9"]
[White "Sokolova Vera (RUS)"]
[Black "Bezgodova Maria (RUS)"]
[Result "0-1"]
[WhiteElo "2009"]
[BlackElo "2041"]

1.e4 e5 2.Nf3 Nc6 3.Bb5 a6 4.Ba4 Nf6 5.O-O Be7 6.Re1 b5 7.Bb3 d6 8.c3 O-O 9.h3
Na5 10.Bc2 c5 11.d4 Bb7 12.Nbd2 cxd4 13.cxd4 exd4 14.Nxd4 Re8 15.Nf1 Bf8
16.Ng3 d5 17.e5 Ne4 18.Qg4 Rxe5 19.Nxe4 dxe4 20.Nf5 Qf6 21.Ng3 Rae8 22.Bd2 Nc4
23.Bc3 Bc5 24.Rf1 e3 25.Kh1 exf2 26.Nh5 Qg5 27.Bxe5 Qxg4 28.hxg4 Nxe5 29.Bb3
Nxg4 30.Nf4 g5 31.Nd5 Re6 {#R} 0-1

[Event "It (cat.15)"]
[Site "masterchessopen.com Wijk aan Zee (Netherlands)"]
[Date "2008.01.18"]
[Round "6"]
[White "Stellwagen Daniel (NED)"]
[Black "Spoelman Wouter (NED)"]
[Result "1-0"]
[WhiteElo "2605"]
[BlackElo "2459"]

{ Stellwagen Daniel (NED) +1 =0 -1 Spoelman Wouter (NED) +0 =0 -1 } 1.e4 e5
2.Nf3 Nc6 3.Bb5 a6 4.Ba4 Nf6 5.O-O Be7 6.Re1 b5 7.Bb3 d6 8.c3 O-O 9.h3 Na5
10.Bc2 c5 11.d4 Nd7 12.Nbd2 cxd4 13.cxd4 Nc6 14.Nb3 a5 15.Bd3 { ?/= } 15...a4
( 15...Ba6 16.d5 Nb4 17.Bf1 a4 18.Nbd4 exd4 19.a3 Nxd5 20.exd5 Ne5 21.Nxd4 Qd7
22.Bf4 Bf6 23.Qd2 Rfc8 24.Bg5 Bxg5 25.Qxg5 Rc5 26.Nf5 f6 27.Qf4 Bb7 { 1/2-1/2,
Volokitin Andrei 2645 - Mamedyarov Shakhriyar 2728 , Foros 27. 6.2006 It
"Aerosvit" (cat.18) } ) 16.Bxb5 Qb6 17.Bxc6 Qxc6 18.Nbd2 Bf6 19.Nf1 ( 19.b3
exd4 20.Bb2 Ne5 21.Bxd4 Be6 22.Re3 Qb5 23.Bc3 Qc5 24.Rc1 Rac8 25.b4 Qxe3
26.fxe3 Nxf3+ 27.Nxf3 Bxc3 28.a3 Bb3 29.Qxd6 Rcd8 30.Qxd8 Rxd8 31.Rxc3 Rd1+
32.Kh2 g6 33.Nd4 Rb1 34.b5 Kg7 35.Rc7 Ba2 36.Kg3 Kf6 37.Rc6+ Be6 38.Ra6 Rb3 {
...1-0, Tal Mikhail N 2625 - Romanishin Oleg M 2555 , Yurmala 1987 } )
19...exd4 20.Nxd4 Qb6 21.Be3 ( 21.Nf5 a3 22.Be3 axb2 23.Rb1 Qb4 24.Bd2 Qa4
25.N1e3 Qxe4 26.Nxd6 Qd3 27.Bb4 Ne5 28.Nd5 Qxd1 29.Rexd1 Rxa2 30.Ne4 Bf5
31.Nexf6+ Kh8 32.Bxf8 Bxb1 33.Nc3 Bc2 34.Rd8 { 1-0, Kavalek Lubomir 2625 -
Hecht Hans-Joachim 2515 , Solingen 1974 } ) 21...Qxb2 ( 21...Nc5 22.Ng3 g6
23.Rb1 Bb7 24.b4 axb3 25.Nxb3 Qc6 26.Nd4 Qd7 27.f3 Rxa2 28.Nb5 Bh4 29.Kh2 Bc8
30.Re2 Bxg3+ 31.Kxg3 Rxe2 32.Qxe2 Ba6 33.Qb2 Rb8 34.Qf6 Ne6 35.Nc3 Rxb1
36.Nxb1 d5 37.exd5 Qxd5 38.Nc3 Qd6+ 39.Bf4 Qxf4+ 40.Qxf4 Nxf4 { 1/2-1/2,
Kwiatkowski Feliks J 2237 - Haslinger Stewart 2502 , Hastings 5. 1.2007 It
(open) } ) 22.Ng3 { +0.26 CAP } 22...g6 { N } ( 22...Nc5 23.Nh5 Nxe4 24.f3 Nc3
25.Nxf6+ gxf6 26.Qd2 a3 27.Bh6 Kh8 28.Rac1 Qxd2 29.Bxd2 Nd5 30.Rc6 Ra4 31.Nb5
Be6 32.Bh6 Rg8 33.Nxd6 Ra7 34.Bd2 Bxh3 35.g4 h5 36.Rc5 hxg4 37.Rxd5 gxf3+
38.Kf2 Bg4 39.Rh1+ Kg7 40.Rg1 f5 41.Rxf5 Kf8 42.Bh6+ { ...1-0, Matulovic Milan
2394 - Ciocaltea Viktor 2420 , Lugano 1968 Olympiad } ) 23.Re2 Qb7 24.Rb1 Qa6
25.Rd2 Ne5 26.Nb5 Nc4 27.Nc7 Nxe3 28.fxe3 Qa7 29.Nxa8 Qxa8 30.Rxd6 Be5 { ?! }
( 30...Be6 { !? } 31.Rb5 a3 32.Rxe6 fxe6 33.Qd6 Qc8 34.Rc5 Qe8 { } ) 31.Rd8
Rxd8 32.Qxd8+ Kg7 33.Nh5+ Kh6 34.h4 { } {#r} 1-0

[Event "Ch Azerbaijan"]
[Site "masterchessopen.com Baku (Azerbaijan)"]
[Date "2008.01.21"]
[Round "2"]
[White "Guliev Logman (AZE)"]
[Black "Mamedov Nidjat (AZE)"]
[Result "0-1"]
[WhiteElo "2452"]
[BlackElo "2594"]

1.e4 e5 2.Nf3 Nc6 3.Bb5 a6 4.Ba4 Nf6 5.O-O Be7 6.Re1 b5 7.Bb3 O-O 8.h3 d6 9.c3
Na5 10.Bc2 d5 11.exd5 e4 12.Ng5 Nxd5 13.Nxe4 f5 14.b4 fxe4 15.Bxe4 Nc6 16.a4
Bf5 17.Bf3 Qd7 18.Qb3 Rad8 19.axb5 axb5 20.Ra6 Nb8 21.Ra8 c6 22.Na3 Bxh3 23.c4
bxc4 24.Nxc4 Be6 25.Bb2 Bf6 26.Ne5 Qb7 27.Nxc6 Qxc6 28.Rxb8 Bf7 29.b5 Rxb8
{#R} 0-1

[Event "It (open)"]
[Site "masterchessopen.com Moscow (Russia)"]
[Date "2008.02.04"]
[Round "3"]
[White "Najer Evgeniy (RUS)"]
[Black "Safin Shukhrat (UZB)"]
[Result "1-0"]
[WhiteElo "2682"]
[BlackElo "2510"]

{ Safin Shukhrat (UZB) +2 =0 -0 } 1.e4 e5 2.Nf3 Nc6 3.Bb5 a6 4.Ba4 Nf6 5.O-O
Be7 6.Re1 b5 7.Bb3 d6 8.c3 O-O 9.h3 Na5 10.Bc2 { ?/= } 10...d5 { +0.26 CAP } (
10...c5 11.d4 Nd7 12.dxc5 ( 12.b3 cxd4 13.cxd4 Nc6 14.Nc3 exd4 15.Nd5 Nde5
16.Nxd4 Nxd4 17.Qxd4 Bf6 18.Kh1 Bxh3 19.gxh3 Qc8 20.Nxf6+ gxf6 21.Rg1+ Kh8
22.Qe3 Qxc2 23.Qf4 Nd7 24.Qf5 Rg8 25.Be3 d5 26.Qxd7 Qxe4+ 27.Kh2 { 1/2-1/2,
Kasparov Garry 2847 - Ponomariov Ruslan 2734 , Moscow 2002 Match "Russia-All
World" } ) 12...dxc5 13.Nbd2 f6 14.Nh4 g6 15.Qg4 Nb6 16.Qg3 Kh8 17.Nxg6+ hxg6
18.Qxg6 Qe8 19.Qh6+ Kg8 20.Re3 Kf7 21.Nf3 Nbc4 22.Qh7+ Ke6 23.Rd3 Nd6 24.b4
cxb4 25.cxb4 Nac4 26.Bd1 Kd7 27.a4 Rh8 28.Qg7 Rg8 29.Qh7 Bb7 30.axb5 { ...0-1,
Prakash Ram 2281 - Safin Shukhrat 2493 , New Delhi 20. 1.2008 It (open) } )
11.d3 ( 11.exd5 e4 12.Bxe4 Nxe4 13.Rxe4 Bb7 14.d4 Bxd5 15.Re1 Bd6 16.Nbd2 Re8
17.Rxe8+ Qxe8 18.b3 Qc6 19.Bb2 Re8 20.Qf1 Bf4 21.Ne5 Qb7 22.Ndf3 f6 23.Nd3 Bd6
24.Re1 Rf8 25.Nd2 Qa8 26.Rc1 Bf7 27.c4 c6 28.Ne4 Bb8 29.Ndc5 Rd8 30.Qe1 Nb7 {
...1-0, Matsuura Everaldo 2511 - Rothebart Ana Vitoria de Paula 2074 , Cuiaba
5.10.2007 It (open) } ) ( 11.d4 Nxe4 12.Nxe5 f6 13.Nf3 Nc4 14.Nbd2 Ncxd2
15.Bxd2 Bb7 16.Bf4 Bd6 17.Bxd6 Qxd6 18.Nd2 Rae8 19.Nb3 Qf4 20.Re2 Bc8 21.Qe1
Nd6 22.Nc5 Rxe2 23.Qxe2 Re8 24.Qh5 f5 25.Qd1 Qg5 26.a4 f4 27.Qf3 c6 28.axb5
axb5 29.Kf1 Nf5 30.Bxf5 Qxf5 { ...1-0, Smirin Ilia 2649 - Greenfeld Alon 2559
, Beer-Sheva 20.10.2007 It (active) } ) 11...dxe4 12.dxe4 Qxd1 13.Rxd1 Bd6 { N
} ( 13...Bb7 { 1/2-1/2, Klundt Klaus 2374 - Bromberger Stefan 2491 , Nuernberg
8. 9.2007 It (open) "LGA Premium Cup" } 14.Nbd2 Bd6 15.a4 ( 15.b4 Nc6 16.a4
Ne7 17.Rb1 Ng6 18.Re1 Rfc8 19.Nb3 Bc6 20.Na5 Be8 21.Be3 Bf8 22.axb5 axb5
23.Nb3 Nd7 24.Bd3 Rab8 25.Nc5 Nf4 26.Nxd7 Nxd3 27.Nxb8 Nxe1 28.Rxe1 Rxb8
29.Nxe5 f6 30.Nd3 Rd8 31.Bd4 Bf7 32.Rb1 Bc4 33.Nb2 { ...1/2-1/2, Felgaer Ruben
2539 - Karim Ismael 2347 , Gibraltar 27. 1.2008 It (open) (masters) } )
15...Nc6 16.Nb3 Ne7 17.Re1 Rab8 18.axb5 axb5 19.Be3 Nd7 20.Na5 Ba8 21.b4 h6
22.Red1 Nf6 23.Nd2 Rfd8 24.f3 Ng6 25.Ndb3 Nf4 26.Rd2 Ne6 27.Rad1 Re8 28.Bd3
Nh5 29.Ba7 Rbc8 30.Bxb5 Rf8 31.Bd7 Rcd8 32.Bxe6 fxe6 33.Bc5 { ...1-0, Shirov
Alexei 2739 - Leko Peter 2755 , Moscow 21.11.2007 Ch World (blitz) } ) 14.Nbd2
Nb7 15.Nb3 Re8 16.Be3 h6 17.Nbd2 Bd7 18.Nf1 Bc6 19.N3d2 Nc5 20.f3 a5 21.Bf2
Bd7 22.Ne3 Be6 23.a4 Nxa4 24.Bxa4 bxa4 25.Ndc4 a3 26.bxa3 Bc5 27.a4 Bxe3
28.Nxe3 Red8 29.c4 c6 30.Rxd8+ Rxd8 31.Be1 Ra8 32.Rb1 Nd7 33.Nf5 Nc5 { ?! } (
33...Bxf5 { !? } 34.exf5 Nc5 35.Ra1 Nd3 36.Bc3 f6 37.Kf1 Nc5 38.Kf2 Nb7 39.Rb1
Nc5 40.Ra1 { } ) {#r} 1-0

[Event "It (open)"]
[Site "masterchessopen.com Bizovac (Croatia)"]
[Date "2008.02.22"]
[Round "3"]
[White "Dabo-Peranic Robert (CRO)"]
[Black "Stevic Hrvoje (CRO)"]
[Result "0-1"]
[WhiteElo "2318"]
[BlackElo "2588"]

1.e4 e5 2.Nf3 Nc6 3.Bb5 a6 4.Ba4 Nf6 5.O-O Be7 6.Re1 b5 7.Bb3 d6 8.c3 O-O 9.h3
Na5 10.Bc2 d5 11.exd5 e4 12.Ng5 Nxd5 13.Nxe4 f5 14.Ng3 f4 15.Ne4 f3 16.d4 fxg2
17.Ng3 g6 18.Be4 Bxh3 19.Bh6 Rf7 20.Qd3 Qd6 21.Nd2 Bf8 22.Bg5 Bg7 23.a4 b4
24.Bxg2 Bxg2 25.Kxg2 Qf4 26.Re5 Bxe5 27.dxe5 Qxg5 28.Qxd5 Rd8 29.Qxa5 Rxd2
30.Rf1 h5 {#R} 0-1

[Event "It (open)"]
[Site "masterchessopen.com Gora Sw. Anny (Poland)"]
[Date "2008.02.23"]
[Round "8"]
[White "Wieczorek Oskar (POL)"]
[Black "Malaniuk Vladimir P (UKR)"]
[Result "1-0"]
[WhiteElo "2267"]
[BlackElo "2534"]

1.e4 e5 2.Nf3 Nc6 3.Bb5 a6 4.Ba4 Nf6 5.O-O Be7 6.Re1 b5 7.Bb3 d6 8.c3 O-O 9.h3
Na5 10.Bc2 d5 11.exd5 e4 12.Ng5 Nxd5 13.Nxe4 f5 14.Ng3 f4 15.Ne4 f3 16.g3 Bxh3
17.d4 Qd7 18.Qd3 g6 19.Nbd2 Bg2 20.Nf1 Qh3 21.Nh2 Rf5 22.g4 Rf4 23.Ng3 Bh4
24.Bxf4 Nxf4 25.Qe4 Bxg3 26.Qxa8+ Kf7 27.Qe8+ {#r} 1-0

[Event "Ch City"]
[Site "masterchessopen.com Kolomna (Russia)"]
[Date "2008.02.24"]
[Round "14"]
[White "Velikanov Igor (RUS)"]
[Black "Alexandrov Anatoly (RUS)"]
[Result "1-0"]
[WhiteElo "2275"]
[BlackElo "2225"]

1.e4 e5 2.Nf3 Nc6 3.Bb5 a6 4.Ba4 Nf6 5.O-O b5 6.Bb3 Be7 7.Re1 d6 8.c3 O-O 9.h3
Na5 10.Bc2 c5 11.d4 cxd4 12.cxd4 Nd7 13.Nbd2 Nc6 14.d5 Nb4 15.Bb1 a5 16.a3 Na6
17.b4 axb4 18.axb4 Nb6 19.Qb3 Nc5 20.bxc5 Rxa1 21.cxb6 Qxb6 22.Nc4 Qc5 23.Na3
b4 24.Nc2 Ra8 25.Be3 Qc7 26.Nxb4 Rb8 27.Qa3 Bb7 28.Rc1 Qd7 29.Nc6 Ra8 30.Qb4
Bd8 31.Bd3 Ba6 32.Bxa6 {#r} 1-0

[Event "Ch SibFO "]
[Site "masterchessopen.com Novokuznetsk (Russia)"]
[Date "2008.03.14"]
[Round "2"]
[White "Pushkarev Dmitry (RUS)"]
[Black "Filimonov Alexey (RUS)"]
[Result "1-0"]
[WhiteElo "2407"]
[BlackElo "2233"]

1.e4 e5 2.Nf3 Nc6 3.Bb5 a6 4.Ba4 Nf6 5.O-O Be7 6.Re1 b5 7.Bb3 d6 8.c3 O-O 9.h3
Na5 10.Bc2 c5 11.d4 Nc6 12.d5 Na5 13.Nbd2 g6 14.b3 Nh5 15.Nf1 Bf6 16.Be3 Bg7
17.Rc1 Bd7 18.Qd2 f5 19.exf5 gxf5 20.Bg5 Qe8 21.Nh4 Nb7 22.g4 fxg4 23.Qd3 Nf6
24.Bxf6 Rxf6 25.Qxh7+ Kf8 26.Bg6 Qe7 27.Ng3 gxh3 28.Nh5 Bg4 29.f4 Rf7 30.Bxf7
Qxf7 31.Ng6+ Ke8 32.Nxg7+ Kd7 33.Ne6 Qxh7 34.Ngf8+ {#r} 1-0

[Event "It (open)"]
[Site "masterchessopen.com Przelazy (Poland)"]
[Date "2008.03.15"]
[Round "3"]
[White "Pietruszewski Marcin (POL)"]
[Black "Andrzejewska Anna (POL)"]
[Result "1-0"]
[WhiteElo "2027"]
[BlackElo "2030"]

1.e4 e5 2.Nf3 Nc6 3.Bb5 a6 4.Ba4 Nf6 5.O-O b5 6.Bb3 Be7 7.Re1 d6 8.c3 O-O 9.h3
Na5 10.Bc2 c5 11.d4 Nd7 12.Nbd2 exd4 13.cxd4 Nc6 14.dxc5 dxc5 15.Nf1 Nb6
16.Ne3 Be6 17.Qe2 Qc7 18.Nd5 Bxd5 19.exd5 Nxd5 20.Qe4 Nf6 21.Qh4 Rae8 22.g4
Nd4 23.Nxd4 cxd4 24.Bd3 Ne4 25.g5 f5 26.Rxe4 fxe4 27.Bxe4 g6 28.Bd5+ {#r} 1-0

[Event "Ch France (team) (nat.1) 2007/08"]
[Site "masterchessopen.com France"]
[Date "2008.03.16"]
[Round "9"]
[White "Stets Dmitry (UKR)"]
[Black "Delorme Axel (FRA)"]
[Result "1-0"]
[WhiteElo "2431"]
[BlackElo "2415"]

1.e4 e5 2.Nf3 Nc6 3.Bb5 a6 4.Ba4 Nf6 5.O-O Be7 6.Re1 b5 7.Bb3 O-O 8.c3 d6 9.h3
Na5 10.Bc2 d5 11.d4 dxe4 12.Nxe5 c5 13.Bg5 Bb7 14.dxc5 Qe8 15.Nd2 Rd8 16.Qe2
h6 17.Bh4 Nh7 18.Nxe4 Bxh4 19.Nd6 Rxd6 20.cxd6 f5 21.b4 Be4 22.Nf3 Bf6 23.bxa5
Bxc3 24.Rad1 Bxe1 25.d7 Qd8 26.Bb3+ Kh8 27.Ne5 Qg5 28.f4 Qg3 29.d8=Q {#r} 1-0

[Event "Ch Croatia (team) (3rd league)"]
[Site "masterchessopen.com Zagreb (Croatia)"]
[Date "2008.03.30"]
[Round "1"]
[White "Basaric Srdjan (CRO)"]
[Black "Vukas Dusan (CRO)"]
[Result "1-0"]
[WhiteElo "2048"]
[BlackElo "1886"]

1.e4 e5 2.Nf3 Nc6 3.Bb5 a6 4.Ba4 b5 5.Bb3 Nf6 6.O-O Be7 7.c3 d6 8.Re1 O-O 9.h3
Na5 10.Bc2 c5 11.d4 cxd4 12.cxd4 Nd7 13.Nc3 Bb7 14.Nd5 Bxd5 15.exd5 exd4
16.Nxd4 Ne5 17.b3 g6 18.Bb2 Bf6 19.Rc1 Rc8 20.Bb1 Qb6 21.Re2 Rxc1 22.Qxc1 Nb7
23.Nc6 Qc7 24.Qe3 Bg7 25.Rc2 Na5 26.Nxe5 Qb7 27.Nc6 Nxc6 28.Bxg7 Nb4 29.Bxf8
Nxc2 30.Qe8 {#r} 1-0